Midsummer retail report 2010 (Record no. 119322)

MARC details
000 -LEADER
fixed length control field 01188cas a22002535a 4500
001 - CONTROL NUMBER
control field L153322
008 - FIXED-LENGTH DATA ELEMENTS--GENERAL INFORMATION
fixed length control field 110711c2010 xxkar wss eng u
035 ## - SYSTEM CONTROL NUMBER
System control number (Sirsi) u153322
041 0# - LANGUAGE CODE
Language code of text/sound track or separate title eng
050 ## - LIBRARY OF CONGRESS CALL NUMBER
Classification number 333.33 $2 18
110 2# - MAIN ENTRY--CORPORATE NAME
Corporate name or jurisdiction name as entry element Colliers International
9 (RLIN) 5548
245 00 - TITLE STATEMENT
Title Midsummer retail report 2010
Medium [electronic resource]
260 ## - PUBLICATION, DISTRIBUTION, ETC.
Place of publication, distribution, etc. [S.l.]
Name of publisher, distributor, etc. Colliers International
Date of publication, distribution, etc. 2010
362 0# - DATES OF PUBLICATION AND/OR SEQUENTIAL DESIGNATION
Dates of publication and/or sequential designation 2010-
490 #0 - SERIES STATEMENT
Series statement Colliers International Midsummer Retail Report
Volume/sequential designation 2010
520 ## - SUMMARY, ETC.
Summary, etc. Annual review of the retail property market covering retail performance, in-town and out-of-town retail property, retail development, shopping centre and high street retail investment.
554 ## -
-- Annual
650 24 - SUBJECT ADDED ENTRY--TOPICAL TERM
Topical term or geographic name entry element COLLIERS INTERNATIONAL MIDSUMMER RETAIL REPORT
651 #4 - SUBJECT ADDED ENTRY--GEOGRAPHIC NAME
Geographic name United Kingdom
Chronological subdivision
690 ## - LOCAL SUBJECT ADDED ENTRY--TOPICAL TERM (OCLC, RLIN)
Topical term or geographic name as entry element PROPERTY-COMMERCIAL PROPERTY-COMMERCIAL PROPERTY MARKET
856 40 - ELECTRONIC LOCATION AND ACCESS
Uniform Resource Identifier <a href="https://www.colliers-extras.co.uk/eTelligent/20101029%20Midsummer%20Report/MRR_report_FINAL_linked.pdf">https://www.colliers-extras.co.uk/eTelligent/20101029%20Midsummer%20Report/MRR_report_FINAL_linked.pdf</a>
Public note View the 2010 report free of charge at www.colliers-extras.co.uk
856 40 - ELECTRONIC LOCATION AND ACCESS
Uniform Resource Identifier <a href="https://www.colliers.com/markets/uk/RetailReports">https://www.colliers.com/markets/uk/RetailReports</a>
Public note View reports 2007-2009 free of charge at www.colliers.com
942 ## - ADDED ENTRY ELEMENTS (KOHA)
Suppress in OPAC 0
Holdings
Withdrawn status Lost status Source of classification or shelving scheme Damaged status Not for loan Home library Current library Shelving location Date acquired Total Checkouts Full call number Barcode Date last seen Copy number Price effective from Koha item type
    Dewey Decimal Classification     Virtual Virtual Online 11/07/2011   ONLINE PUBLICATION 153322-2001 06/08/2019 1 06/08/2019 Book